000 00286nam a22001217a 4500
008 160613b xxu||||| |||| 00| 0 eng d
020 _a9780763738631
020 _a0763738638
041 _aeng
080 _a618.2
245 _aCritical care nursing:
_cRoberta Kaplow;
942 _2udc
_cBK
999 _c2470
_d2470